| 000 | 00447nam a22001817a 4500 | ||
|---|---|---|---|
| 005 | 20231010152910.0 | ||
| 008 | 150226b xxu||||| |||| 00| 0 eng d | ||
| 041 | _aspa | ||
| 082 | _a155.23 C672s | ||
| 100 | _aCoelho, Paulo | ||
| 245 | _aSer como el río que fluye | ||
| 260 |
_aMéxico _bGrijalbo _c2006 |
||
| 300 | _a327 páginas | ||
| 650 | _aSUPERACIÓN PERSONAL | ||
| 650 | _aPLAN DE VIDA | ||
| 650 | _aPERSONALIDAD | ||
| 942 |
_cLIT _2ddc |
||
| 999 |
_c3383 _d3383 |
||